Top 10 Città più popolose Provincia di Avellino - Statistics

Statistiche generali
  • Questo quiz è stato fatto 37 volte
  • Il punteggio medio è 5 su 10
Statistiche sulle risposte
Popolazione (ab.) Città % Corretto
54 222 Avellino
97%
22 517 Ariano Irpino
73%
10 926 Atripalda
63%
12 403 Mercogliano
53%
8 297 Grottaminarda
43%
12 419 Solofra
40%
10 878 Monteforte Irpino
33%
7 904 Mirabella Eclano
27%
19 456 Montoro
27%
9 969 Cervinara
17%
Nessun quiz corrispondente trovato
Distribuzione punteggi
Percentuale di utenti per punteggio
Percentile per numero di risposta
I tuoi punteggi nel tempo
Non hai fatto questo quiz